Planning for shops

Bibliographic Details
Main Author: Thomas, Keith (Author)
Format: Book
Language:English
Published: London : Estates Gazette limited 1990
Subjects:

MARC

LEADER 00000cam a2200000 7i4500
001 0000005419
005 20240930.0
008 000125 enk eng
020 |a 0728201569 
040 |a INS   |b eng   |e rda 
090 0 0 |a HE336.S5.P3   |b .T3611 1990 
100 1 |a Thomas, Keith ,   |e author 
245 1 0 |a Planning for shops   |c Keith Thomas 
264 1 |a London :   |b Estates Gazette limited   |c 1990 
264 4 |c ©1990 
300 |a 90 pagesIc22 cm 
336 |a text  |2 rdacontent 
337 |a unmediated  |2 rdamedia 
338 |a volume  |2 rdacarrier 
504 |a Includes bibliographical references and index 
650 0 |a Shopping centres 
650 0 |a Shopping centres   |x Great Britain 
999 |a 0000007291   |b BOOK   |c Open Shelf   |e Default branch